| 000 | 004300000a22001690004500 | ||
|---|---|---|---|
| 003 | MACL | ||
| 005 | 20160108123425.0 | ||
| 008 | 160108b xxu||||| |||| 00| 0 eng d | ||
| 040 |
_aMACL _cMACL |
||
| 041 | _aEnglish | ||
| 082 | _a920/CHE | ||
| 100 |
_aCheiro _929578 |
||
| 245 | _aConfessions Memoirs of A Modern Seer | ||
| 260 |
_bSagar Publications _c1969 _aNew Delhi |
||
| 650 |
_aBiography _929579 |
||
| 942 |
_cBK _k920/CHE _2ddc |
||
| 999 |
_c35560 _d35560 |
||